Statistics for U.S. States, Capitals, & Largest Cities By Population

Click here to take the quiz!

General Stats

  • This quiz has been taken 3,906 times
    (1,715 since last reset)
  • The average score is 62 of 150

Answer Stats

Population of State/CityState/City% Correct
39,538,223California
99%
29,145,505Texas
95%
21,538,187Florida
91%
20,201,249New York
91%
13,002,700Pennsylvania
80%
12,812,508Illinois
76%
11,799,448Ohio
73%
10,711,908Georgia
69%
10,439,388North Carolina
67%
10,077,331Michigan
65%
8,804,190New York City
63%
576,851Wyoming
63%
3,898,747Los Angeles
62%
8,631,393Virginia
61%
2,746,388Chicago
60%
9,288,994New Jersey
59%
1,608,139Phoenix
59%
7,705,281Washington
59%
733,391Alaska
58%
7,151,502Arizona
58%
643,077Vermont
58%
2,304,580Houston
57%
7,029,917Massachusetts
56%
779,094North Dakota
56%
886,667South Dakota
56%
961,855Austin
55%
6,785,528Indiana
55%
6,910,840Tennessee
55%
1,084,225Montana
54%
1,097,379Rhode Island
54%
989,948Delaware
53%
1,608,139Phoenix
53%
5,773,714Colorado
52%
1,455,271Hawaii
52%
6,177,224Maryland
52%
6,154,913Missouri
52%
1,377,529New Hampshire
52%
5,024,279Alabama
51%
1,362,359Maine
51%
5,706,494Minnesota
51%
4,237,256Oregon
51%
1,603,797Philadelphia
51%
5,118,425South Carolina
51%
5,893,718Wisconsin
51%
1,839,106Idaho
50%
4,505,836Kentucky
50%
4,657,757Louisiana
50%
3,605,944Connecticut
49%
1,961,504Nebraska
49%
3,104,614Nevada
49%
2,117,522New Mexico
49%
3,271,616Utah
49%
1,793,716West Virginia
49%
3,011,524Arkansas
48%
3,190,369Iowa
48%
2,937,880Kansas
48%
2,961,279Mississippi
48%
3,959,353Oklahoma
48%
675,647Boston
46%
905,748Columbus
46%
715,522Denver
46%
887,642Indianapolis
46%
498,715Atlanta
43%
949,611Jacksonville
43%
524,943Sacramento
43%
675,647Boston
41%
8,074Montpelier
41%
689,447Nashville
41%
681,054Oklahoma City
41%
905,748Columbus
40%
715,522Denver
40%
887,642Indianapolis
40%
498,715Atlanta
39%
737,015Seattle
39%
350,964Honolulu
37%
689,447Nashville
37%
681,054Oklahoma City
37%
874,579Charlotte
36%
14,091Pierre
36%
467,665Raleigh
36%
639,111Detroit
35%
641,903Las Vegas
35%
652,503Portland
35%
235,684Boise
34%
350,964Honolulu
34%
311,527Saint Paul
34%
199,723Salt Lake City
33%
585,708Baltimore
32%
214,133Des Moines
32%
32,255Juneau
32%
226,610Richmond
32%
227,470Baton Rouge
31%
65,132Cheyenne
31%
153,701Jackson
31%
202,591Little Rock
31%
269,840Madison
31%
429,954Minneapolis
31%
18,899Augusta
30%
48,864Charleston
30%
43,976Concord
30%
28,602Frankfort
30%
32,091Helena
30%
508,090Kansas City
30%
291,082Lincoln
30%
577,222Milwaukee
30%
200,603Montgomery
30%
190,934Providence
30%
99,224Albany
29%
564,559Albuquerque
29%
235,684Boise
29%
58,639Carson City
29%
39,403Dover
29%
43,228Jefferson City
29%
633,045Louisville
29%
383,997New Orleans
29%
55,605Olympia
29%
199,723Salt Lake City
29%
196,169Tallahassee
29%
40,812Annapolis
28%
73,622Bismarck
28%
486,051Omaha
28%
175,535Salem
28%
87,505Santa Fe
28%
291,247Anchorage
27%
65,132Cheyenne
27%
214,133Des Moines
27%
121,054Hartford
27%
112,644Lansing
27%
202,591Little Rock
27%
114,394Springfield
27%
44,743Burlington
26%
48,864Charleston
26%
50,099Harrisburg
26%
190,934Providence
26%
126,587Topeka
26%
90,871Trenton
26%
459,470Virginia Beach
26%
397,532Wichita
26%
136,632Columbia
25%
153,701Jackson
25%
311,549Newark
25%
68,408Portland
25%
150,227Charleston
23%
125,990Fargo
23%
115,644Manchester
23%
192,517Sioux Falls
23%
117,116Billings
21%
70,898Wilmington
21%
148,654Bridgeport
19%
215,006Huntsville
19%

Score Distribution

Percentile by Number Answered

Percent of People with Each Score

Your Score History

You have not taken this quiz since the last reset